000 00632nam a2200229 a 4500
001 BRCA_2010
005 20190320203632.0
008 170608s1889----fr-a######---#000-0#fre-#
041 _afre
044 _afr
050 4 _aPQ2012
_b.S67
_c1889
245 1 0 _aMontesquieu
_cpar Albert Sorel.
250 _a2a. ed.
260 _aParís
_bHachette
_c1889
300 _a176 p.
_bil.
_c19 cm.
440 0 _aLes grands écrivains francais
_96153
500 _aI13
650 1 4 _aMontesquieu, Charles Louis de Secondat, baron de la Bredeet de
_y1689-1755
_96154
650 1 4 _aLiteratura Francesa.
_96155
902 _aGFM
942 _2lcc
_cB
999 _c1777
_d1777